000 00469nam a2200169 i 4500
001 23782
003 ES-MaACL
005 20240512063031.0
007 t|
008 021212s1972 sp ||||1| spa d
100 1 _aAmézaga, Elías,
_d1921-2008
_921216
245 1 0 _aHorno /
_cElías Amezaga.
260 _aBilbao :
_b[s.n.,
_c1972] (
_fGráficas Bilbao)
300 _a146 p. ;
_c21 cm.
852 _aES-MaACL
_jC-45248
_bR.83547
999 _c23782
_d23782